MARC

LEADER 00000nam0a2200000 4500
001 21127
005 20231101205414.0
010 |a 5020133132 
035 |a (RuTPU)RU\TPU\book\21325 
035 |a BOOK00006018 
090 |a 21127 
100 |a 20011209d1989 km y0rusy50 ca 
101 0 |a rus 
102 |a RU 
105 |a y z 000zy 
200 1 |a Тенденции развития психологической науки  |f Под ред. Б. Ф. Ломова 
210 |a Москва  |c Наука  |d 1989 
215 |a 268 с. 
606 1 |a Психология общая  |2 stltpush  |3 (RuTPU)RU\TPU\subj\53137  |9 71487 
610 1 |a психология 
610 1 |a теория 
610 1 |a психологическая наука 
610 1 |a Россия 
610 1 |a мышление 
610 1 |a творчество 
610 1 |a эмоции 
610 1 |a речь 
610 1 |a психофизиология 
610 1 |a зоопсихология 
610 1 |a нейропсихология 
610 1 |a медицинская психология 
686 |a Ю93  |v LBC/SL-A  |2 rubbk 
702 1 |a Ломов  |b Б. Ф.  |c российский психолог  |c доктор психологических наук  |f 1927-1989  |g Борис Федорович  |2 stltpush  |3 (RuTPU)RU\TPU\pers\16781  |4 340  |9 6059 
801 0 |a RU  |b 63413507  |c 20011209  |g PSBO 
801 2 |a RU  |b 63413507  |c 20220331  |g PSBO 
942 |c BK